000 00571nam a2200205Ia 4500
005 20260429112106.0
008 260429s9999||||xx |||||||||||||| ||und||
020 _a9783031464591
041 _aEnglish
082 _a005.453
_bMOG
100 _aMogensen, Torben Ægidius
245 0 _aIntroduction to compiler design /
_cTorben Ægidius Mogensen
250 _a3rd ed.
260 _aSwitzerland :
_bSpringer,
_c2024.
300 _axxii, 287 p.; pbk
440 _aUndergraduate topics in computer science
650 _a Design
650 _aCompiler
942 _cTB
999 _c52309
_d52309